00470nam a2200133 a 450000500170000000800410001702000180005805000250007610000210010124501140012226000640023630000160030065000200031620140412111310.0010503s19uu xx 00 eng d a0-86530-135-2 aTR(GS 371.3bR39 LRC aRichards, Joanne aSchool spirit and self-esteem bulletin boards :beasy to make and use /cJoanne Richards & Marianne Standley. aNashville, Tennessee :bIncentive Publications, Inc,c1986. a63p. ; ill. aBulletin boards